| 000 | 00513nam a22001577a 4500 | ||
|---|---|---|---|
| 005 | 20120510152840.0 | ||
| 020 |
_a8177331728 _c400.00 |
||
| 035 | _aB-83100 | ||
| 037 |
_aDPL _bENG |
||
| 100 |
_aAhuja, Girish _946855 |
||
| 245 |
_aProfessional approach to direct taxes : _bLaw and practice including tax planning / _cby Girish Ahuja and Ravi Gupta |
||
| 260 |
_aNew Delhi _bBharat Lal House _c2004 |
||
| 300 |
_a1552p. _c22 cms. |
||
| 700 |
_aGupta, Ravi _946856 |
||
| 942 |
_2ddc _cEN _h336.294 _mAHU |
||
| 999 |
_c66448 _d66448 |
||